000 00506nam a2200193Ia 4500
005 20250326145420.0
008 250326s9999 xx 000 0 und d
037 _aTextbook
040 _aFMSL
_beng
_cFMSL
041 _aeng
_2eng
084 _qFMSL
100 _aSingh G
_962261
245 0 _aOrganizational development and alignment
_cSingh G; Athanaraya R
260 _aNew Delhi
_bNew Delhi, Sage
_c2015
365 _b850
650 _aManagement
942 _cTB
999 _c1307503
_d1307503